| 000 | 00930 a2200169 4500 | ||
|---|---|---|---|
| 003 | Nust | ||
| 005 | 20230330112254.0 | ||
| 040 | _cNust | ||
| 082 | _a821.7,GUN | ||
| 100 |
_aGunn, Peter. _9111580 |
||
| 245 |
_aMy dearest Augusta: _ba biography of Augusta Leigh, Lord Byron’s half-sister / _cPeter Gunn, |
||
| 260 |
_aNew York, _b Atheneum, _c 1968. |
||
| 300 |
_a272 p. illus., _bgeneal. table, _c ports. 23 cm. |
||
| 500 | _aFamily Portraits (Page-11), A Child in Strange House (Page-26), Baby Byron and Love (Page-43), Marriage (Page-62), White Byron (Page-78), The Summery of the Sovereigns (Page-96), The Byron Marriage (Page-113), The Byron Debacle (Page-132), The Separation (Page-149), Stanzas to August (Page-163), Epistles to August (Page-183), Death and Count Manfred (Page-198), Byron’s Heir (Page-216), Medora Leigh (Page-236), Dearest August (Page-236), | ||
| 650 |
_aNOvel _92525 |
||
| 942 |
_2ddc _cBK _k821.7,GUN |
||
| 999 |
_c186784 _d186784 |
||